The Baker family in India. (Record no. 76239)

MARC details
000 -LEADER
fixed length control field 00603cam a22002291 4500
001 - CONTROL NUMBER
control field sa 67006924
003 - CONTROL NUMBER IDENTIFIER
control field DLC
005 - DATE AND TIME OF LATEST TRANSACTION
control field 20260227112411.0
008 - FIXED-LENGTH DATA ELEMENTS--GENERAL INFORMATION
fixed length control field 750609s1963 ii a 000 0ceng
010 ## - LIBRARY OF CONGRESS CONTROL NUMBER
LC control number sa 67006924
025 ## - OVERSEAS ACQUISITION NUMBER
Overseas acquisition number PL480:I-E-7607
035 ## - SYSTEM CONTROL NUMBER
System control number (OCoLC)1381380
040 ## - CATALOGING SOURCE
Original cataloging agency DLC
Transcribing agency GU
Modifying agency OCoLC
-- DLC
042 ## - AUTHENTICATION CODE
Authentication code premarc
050 00 - LIBRARY OF CONGRESS CALL NUMBER
Classification number BV3269.A1
Item number D3
100 1# - MAIN ENTRY--PERSONAL NAME
Personal name Dalton, Eira.
245 14 - TITLE STATEMENT
Title The Baker family in India.
260 ## - PUBLICATION, DISTRIBUTION, ETC.
Place of publication, distribution, etc. Kottayam [India]
Name of publisher, distributor, etc. Printed at the C.M.S. Press,
Date of publication, distribution, etc. 1963.
300 ## - PHYSICAL DESCRIPTION
Extent 78 p.
Other physical details illus.
Dimensions 23 cm.
600 30 - SUBJECT ADDED ENTRY--PERSONAL NAME
Personal name Baker family.
650 #0 - SUBJECT ADDED ENTRY--TOPICAL TERM
Topical term or geographic name entry element Missions
Geographic subdivision India.

No items available.

Powered by Koha